Central Library OPAC University of Rajshahi

Modern novelists : (Record no. 64439)

MARC details
000 -LEADER
fixed length control field 00661nam a2200217 a 4500
001 - CONTROL NUMBER
control field 64439
003 - CONTROL NUMBER IDENTIFIER
rucl marc code BD-RjUL
005 - DATE AND TIME OF LATEST TRANSACTION
control field 20211209081317.0
008 - FIXED-LENGTH DATA ELEMENTS--GENERAL INFORMATION
fixed length control field 170214b xxu||||| |||| 00| 0 eng d
035 ## - SYSTEM CONTROL NUMBER
System control number (BD-RjUL)64569
040 ## - CATALOGING SOURCE
Original cataloging agency BD-RjUL
Language of cataloging eng
Transcribing agency BD-RjUL
041 ## - LANGUAGE CODE
Language code of text/sound track or separate title eng
082 ## - DEWEY DECIMAL CLASSIFICATION NUMBER
Edition number 23
Classification number 823.91
Author mark and year MOD 1968
245 00 - TITLE STATEMENT
Title Modern novelists :
Remainder of title selected readings from English function /
Statement of responsibility, etc. Percy Wilson and D. L. B. Hartley
260 ## - PUBLICATION, DISTRIBUTION, ETC. (IMPRINT)
Place of publication, distribution, etc. London :
Name of publisher, distributor, etc. Thames and Hudson,
Date of publication, distribution, etc. 1968.
300 ## - PHYSICAL DESCRIPTION
Pagination 159 p. ;
Size 23 cm.
600 ## - SUBJECT ADDED ENTRY--PERSONAL NAME
Personal name Hartley, Desmond Levi Bradshaw
700 ## - ADDED ENTRY--PERSONAL NAME
Personal name Wilson, Percy
Personal name Hartley, D. L. B.
942 ## - ADDED ENTRY ELEMENTS (KOHA)
Source of classification or shelving scheme Dewey Decimal Classification
Koha item type Books
Holdings
Lost status Source of classification or shelving scheme Damaged status Not for loan Collection code Permanent Location Current Location Shelving location Date acquired Source of acquisition Cost, normal purchase price Total Checkouts Full call number Date last seen Copy number Koha item type
  Dewey Decimal Classification   Not For Loan Non-fiction Central Library, University of Rajshahi Central Library, University of Rajshahi Rare Book Section 14/05/1974 Oxford University press, 16.80   823.91 MOD 1968 14/02/2017 C-1 Books